| 000 | 00470nam a2200157 a 4500 | ||
|---|---|---|---|
| 005 | 20140310183132.0 | ||
| 008 | 020826s19uu xx 00 eng d | ||
| 020 | _a0810311445 | ||
| 050 |
_aE 175.45 _b.T85 1983 |
||
| 245 |
_aTwentieth-century American Historian / _cClyde N. Wilson ( editor ). |
||
| 260 |
_aU.S.A : _bGale Research Company, _c1983. |
||
| 300 |
_a519 p. : _bill. ; _c28 cm. |
||
| 650 |
_aHistorian _xU.S. _xBiography |
||
| 942 |
_cBK _2lcc |
||
| 999 |
_c19170 _d19170 |
||